Города Кабардино-Балкарии - Statistics

General Stats
  • This quiz has been taken 31 times
  • The average score is 6 of 8
Answer Stats
Население Город % Correct
245 756 Нальчик
100%
59 778 Прохладный
78%
39 749 Баксан
74%
22 061 Тырныауз
74%
26 286 Майский
65%
20 837 Чегем
61%
19 990 Терек
57%
32 982 Нарткала
48%
No matching quizzes found
Score Distribution
Percent of People with Each Score
Percentile by Number Answered
Your Score History
You have not taken this quiz